书目信息 |
| 题名: |
私募股权LP的法律探究
|
|
| 作者: | ;北京市道可特律师事务所 编著 | |
| 分册: | ||
| 出版信息: | 北京 中信出版集团 2018 |
|
| 页数: | 319页 | |
| 开本: | 23cm | |
| 丛书名: | “私募2.0时代”系列丛书 | |
| 单 册: | ||
| 中图分类: | D922.287.4 , D922.287 | |
| 科图分类: | ||
| 主题词: | 股权--投资基金--证券投资基金法--研究--中国 | |
| 电子资源: | ||
| ISBN: | 978-7-5086-9440-5 | |
| 000 | 01154nam 2200253 450 | |
| 001 | 2360757064 | |
| 005 | 20231212085521.38 | |
| 010 | @a978-7-5086-9440-5@dCNY63.00 | |
| 100 | @a20181023d2018 em y0chiy50 ea | |
| 101 | 0 | @achi |
| 102 | @aCN@b110000 | |
| 105 | @aak z 000yy | |
| 200 | 1 | @a私募股权LP的法律探究@Asi mu gu quan LPde fa lv tan jiu@f北京市道可特律师事务所编著 |
| 210 | @a北京@c中信出版集团@d2018 | |
| 215 | @a319页@c图@d23cm | |
| 225 | 2 | @a“私募2.0时代”系列丛书@A“si mu 2.0shi dai ”xi lie cong shu |
| 330 | @a本书属于金融类图书。本书拟系统梳理私募股权LP的法律政策体系; 分类别深入分析和介绍私募股权LP的法律状态和模型; 深层次探讨与私募股权LP相关的金融证券法律法规体系重构优化之必要性和方向; 主要从法律角度对私募股权LP的未来发展进行展望和建议; 介绍国外关于私募股权LP的规制动态和趋势, 尝试着讨论私募股权LP的跨境投资和推出。 | |
| 410 | 0 | @12001 @a“私募2.0时代”系列丛书 |
| 606 | 0 | @a股权@x投资基金@x证券投资基金法@x研究@y中国 |
| 690 | @aD922.287.4@v5 | |
| 690 | @aD922.287@v4 | |
| 711 | 02 | @a北京市道可特律师事务所@Abei jing shi dao ke te lv shi shi wu suo@4编著 |
| 801 | 0 | @aCN@b湖北三新@c20181023 |
| 905 | @aZUCC@dD922.287@e9 | |
| 私募股权LP的法律探究/北京市道可特律师事务所编著.-北京:中信出版集团,2018 |
| 319页:图;23cm.-(“私募2.0时代”系列丛书) |
| ISBN 978-7-5086-9440-5:CNY63.00 |
| 本书属于金融类图书。本书拟系统梳理私募股权LP的法律政策体系; 分类别深入分析和介绍私募股权LP的法律状态和模型; 深层次探讨与私募股权LP相关的金融证券法律法规体系重构优化之必要性和方向; 主要从法律角度对私募股权LP的未来发展进行展望和建议; 介绍国外关于私募股权LP的规制动态和趋势, 尝试着讨论私募股权LP的跨境投资和推出。 |
| ● |
| 相关链接 |
|
|
|
正题名:私募股权LP的法律探究
索取号:D922.287/9
 
预约/预借
| 序号 | 登录号 | 条形码 | 馆藏地/架位号 | 状态 | 备注 |
| 1 | 2001362615 | 2001362615 | 505书库/ [索取号:D922.287/9] | 在馆 | |
| 2 | 2001362616 | 2001362616 | 505书库/ [索取号:D922.287/9] | 在馆 | |
| 3 | 2001362617 | 2001362617 | 315书库/ [索取号:D922.287/9] | 在馆 | |
| 4 | 2001362618 | 2001362618 | 315书库/ [索取号:D922.287/9] | 在馆 | |
| 5 | 2001362619 | 2001362619 | 505书库/ [索取号:D922.287/9] | 在馆 | |
| 6 | 2001362620 | 2001362620 | 504书库/ [索取号:D922.287/9] | 在馆 | |
| 7 | 2001362621 | 2001362621 | 504书库/ [索取号:D922.287/9] | 在馆 | |
| 8 | 2001362622 | 2001362622 | 504书库/ [索取号:D922.287/9] | 在馆 | |
| 9 | 2001362623 | 2001362623 | 505书库/ [索取号:D922.287/9] | 在馆 | |
| 10 | 2001362624 | 2001362624 | 505书库/ [索取号:D922.287/9] | 在馆 | |
| 11 | 2001362625 | 2001362625 | 505书库/ [索取号:D922.287/9] | 在馆 | |
| 12 | 2001362626 | 2001362626 | 315书库/ [索取号:D922.287/9] | 在馆 | |
| 13 | 2001362627 | 2001362627 | 315书库/ [索取号:D922.287/9] | 在馆 | |
| 14 | 2001427223 | 2001427223 | 315书库/ [索取号:D922.287/9] | 在馆 | |
| 15 | 2001427224 | 2001427224 | 315书库/ [索取号:D922.287/9] | 在馆 |